000
00270nam a2200109Ia 4500
005
20251222141957.0
008
251222s9999||||xx |||||||||||||| ||spa||
082
_a
624.182/Z37
100
_a
Zapata Baglietto, Luis F.
245
0
_a
DiseƱo Estructural en Acero
942
_c
LIB
999
_c
9880
_d
9880